=LDR 00000nam 2200000 4500 =001 INLIS000000000017434 =005 20130612112635 =008 ***********************************Ind** =035 ##$$0010-061300000017434 =041 ##$$a Ind =082 ##$$a 617 =090 ##$$a 617, Kar b =100 ##$$a Karakata, Sumiardi =245 ##$$a Bedah minor, dr. Sumiardi Karakata ; editor, dr Jonatan Oswari =260 ##$$a 1995 $b Jakarta =300 ##$$a vi, 187 hlm, ilus, 21 cm =650 ##$$a Ilmu Bedah =850 ##$$a NBPNMAT =990 ##$$a 21195069/BPAP-NTB/2014 =990 ##$$a 21195070/BPAP-NTB/2014 =990 ##$$a 0001/BPAP-NTB/2016